| 000 | 00707nam a2200241 a 4500 | ||
|---|---|---|---|
| 001 | 000022708 | ||
| 005 | 20200930021742.0 | ||
| 008 | 101116s1996 sp 000 f spa d | ||
| 020 | _a8420482781 | ||
| 040 |
_aDO-SdBNP _bspa _cBNPHU |
||
| 082 |
_aA863.4 _bC827s |
||
| 100 | 1 |
_aCortázar, Julio, _d1914-1984 _910688 |
|
| 245 | 1 | 0 |
_a62 modelo para armar / _cJulio Cortázar. |
| 260 |
_aMadrid : _bAlfaguara, _c1996. |
||
| 300 |
_a300 p. ; _c22 cm. |
||
| 490 | 1 |
_aBiblioteca Cortázar _v62 |
|
| 650 | 4 |
_aNovela argentina _93941 |
|
| 650 | 4 |
_aLiteratura argentina _93860 |
|
| 730 | 0 | 2 |
_aSesenta y dos modelo para armar _946675 |
| 830 | 0 |
_aBiblioteca Cortázar ; _v62 _946676 |
|
| 910 | _aWM | ||
| 049 | _aBNGR | ||
| 999 |
_c22205 _d22205 |
||